000 01075nam a22002297a 4500
008 111115s2002 ua|||||d|||| 001 0 ara d
020 _a9770123412
082 _222
_a520.03
_bف ا ي
100 _927753
_aفايجرت، ا
245 _aالموسوعة الفلكية /
_cتأليف ا.فايجرت، هـ تسمرمان ؛ ترجمة عبدالقوي عياد ؛ مراجعة محمد جمال الدين الفندي
260 _aالقاهرة :
_bالهيئة المصرية العامة للكتاب،
_c1990.‏
300 _a822 ص. ، [ورقة مطوية] :‏
_bايض. ؛
_c28 سم.‏
650 _927754
_aالفلك
_vدوائر المعارف
653 _bAra
_cNovember2011
700 _927755
_aتسمرمان، هـ.‏
_eمؤلف مشارك
700 _927756
_aعياد، عبدالقوي.
_eمترجم
700 _927757
_aالفندي، محمد جمال الدين.
_eمراجع
942 _2ddc
_cREFERENCE
_hRDA-MOD
999 _c16213
_d16213
336 _2rdacontent
_aنص
_btxt
337 _aبدون وسيط
_2rdamedia
_bn
338 _aمجلد
_bnc
_2rdacarrier